000
00280nam a2200109Ia 4500
008
200302s9999 xx 000 0 und d
100
_a
J Tart
245
_a
Architecture Design Manual II Hotel Building
260
_b
South China University Press
260
_c
2013
300
_a
263 P.,
999
_c
3953
_d
3953